Normal view
MARC view
Entry Topical Term
001 - CONTROL NUMBER
- control field: 47417
003 - CONTROL NUMBER IDENTIFIER
- control field: ARRUPE
005 - DATE AND TIME OF LATEST TRANSACTION
- control field: 20190722144732.0
008 - FIXED-LENGTH DATA ELEMENTS
- fixed length control field: 190722|| aca||aabn | a|a d
040 ## - CATALOGING SOURCE
- Original cataloging agency: ARRUPE
- Transcribing agency: ARRUPE
150 ## - HEADING--TOPICAL TERM
- Topical term or geographic name as entry element: Social change.
670 ## - SOURCE DATA FOUND
- Source citation: Work cat.: (ARRUPE)43199: Mills, C. Wright (Charles Wright), 1916-1962. 47416, Power, politics, and people;, 1963.